• 首页
  • 本馆介绍
  • 公告通知
  • 最新文献
  • 馆藏检索
  • 电子资源
  • 读者荐购
  • 参考咨询
  • CALIS
  • 我的图书馆
  • 登录
  • 详细信息显示
  • 放入我的书架
  • 预约/预借图书
  • 作者相关作品
  • 分类相关作品
  • 丛书相关作品
  • 出版社相关作品

书目信息

  • 表格格式
  • 工作单格式
  • 卡片格式
题名:
全国注册安全工程师执业资格应试指南
    
 
作者: 宋大成 主编
分册:  
出版信息: 北京   中国石化出版社  2005.02
页数: 366页
开本: 26cm
丛书名:
单 册:
中图分类: X93
科图分类:
主题词: 安全工程--工程技术人员--资格考核--自学参考资料
电子资源:
ISBN: 7-80164-614-2
 
 
 
 
 
000 00816nam0 22002177 4550
001 192004002034
005 20071015100756.04
010    @a7-80164-614-2@dCNY58.00
100    @a20070601d2005 ekmy0chiy0121 ea
101 0  @achi
102    @aCN@b110000
105    @aak z 000yy
200 1  @a全国注册安全工程师执业资格应试指南@Aquan guo zhu ce an quan gong cheng shi zhi ye zi ge ying shi zhi nan@e重点、答案、模拟试题@f宋大成主编
210    @a北京@c中国石化出版社@d2005.02
215    @a366页@c图@d26cm
330    @a本书主要内容分为四篇: 第一篇 安全生产法及相关法律知识、第二篇 安全生产管理知识、第三篇 安全生产事故案例分析、第四篇 安全生产技术。
606 0  @a安全工程@x工程技术人员@x资格考核@j自学参考资料
690    @aX93@v4
701  0 @a宋大成@Asong da cheng@4主编
801  0 @aCN@c20071015
905    @dX93@eS760
    
    全国注册安全工程师执业资格应试指南:重点、答案、模拟试题/宋大成主编.-北京:中国石化出版社,2005.02
    366页:图;26cm
    
    
    ISBN 7-80164-614-2:CNY58.00
    本书主要内容分为四篇: 第一篇 安全生产法及相关法律知识、第二篇 安全生产管理知识、第三篇 安全生产事故案例分析、第四篇 安全生产技术。
●
相关链接 在E读中查询图书 在当当中查询图书 在豆瓣中查询图书


正题名:全国注册安全工程师执业资格应试指南     索取号:X93/S760         预约/预借

序号 登录号 条形码 馆藏地/架位号 状态 备注
1 625183   206251839   市政与环境工程学院资料室/501自科库 121排2列1层/ [索取号:X93/S760] 在馆    
2 625184   206251848   自科库501/501自科库 121排2列1层/ [索取号:X93/S760] 在馆    
3 650651   206506510   自科库501/501自科库 121排2列1层/ [索取号:X93/S760] 在馆    
河南城建学院图书馆 欢迎您!
大连网信软件有限公司© 版权所有